<?xml version="1.0" encoding="UTF-8"?><?xml-stylesheet type="text/xsl" href="static/style.xsl"?><OAI-PMH xmlns="http://www.openarchives.org/OAI/2.0/" xmlns:xsi="http://www.w3.org/2001/XMLSchema-instance" xsi:schemaLocation="http://www.openarchives.org/OAI/2.0/ http://www.openarchives.org/OAI/2.0/OAI-PMH.xsd"><responseDate>2026-06-03T19:56:50Z</responseDate><request verb="GetRecord" identifier="oai:riuma.uma.es:10630/32160" metadataPrefix="marc">https://riuma.uma.es/rest/oai/request</request><GetRecord><record><header><identifier>oai:riuma.uma.es:10630/32160</identifier><datestamp>2026-02-03T11:36:59Z</datestamp><setSpec>com_10630_2254</setSpec><setSpec>col_10630_20092</setSpec></header><metadata><record xmlns="http://www.loc.gov/MARC21/slim" xmlns:dcterms="http://purl.org/dc/terms/" xmlns:doc="http://www.lyncode.com/xoai" xmlns:xsi="http://www.w3.org/2001/XMLSchema-instance" xsi:schemaLocation="http://www.loc.gov/MARC21/slim http://www.loc.gov/standards/marcxml/schema/MARC21slim.xsd">
   <leader>00925njm 22002777a 4500</leader>
   <datafield ind2=" " ind1=" " tag="042">
      <subfield code="a">dc</subfield>
   </datafield>
   <datafield ind2=" " ind1=" " tag="720">
      <subfield code="a">Mérida-López, Sergio</subfield>
      <subfield code="e">author</subfield>
   </datafield>
   <datafield ind2=" " ind1=" " tag="720">
      <subfield code="a">Extremera-Pacheco, Natalio</subfield>
      <subfield code="e">author</subfield>
   </datafield>
   <datafield ind2=" " ind1=" " tag="720">
      <subfield code="a">Quintana-Orts, Cirenia Luz</subfield>
      <subfield code="e">author</subfield>
   </datafield>
   <datafield ind2=" " ind1=" " tag="720">
      <subfield code="a">Rey-Peña, Lourdes</subfield>
      <subfield code="e">author</subfield>
   </datafield>
   <datafield ind2=" " ind1=" " tag="260">
      <subfield code="c">2024-07-14</subfield>
   </datafield>
   <datafield ind2=" " ind1=" " tag="520">
      <subfield code="a">The present study focuses on the interplay of emotion-regulation ability and perceived workplace social support as predictors of job satisfaction and happiness in a Spanish multi-occupational sample. A total of 494 working adults (39.4% females) took part in this study. Emotion-regulation ability and perceived support from colleagues and supervisors were positively associated. In addition, emotion-regulation ability and perceived support from colleagues and supervisors showed positive associations with job satisfaction and happiness. Furthermore, considering results from moderation analyses, when low levels of perceived workplace social support were reported, the relationship between emotion regulation and both job satisfaction and happiness was stronger than in cases of higher perceived workplace support. In line with previous studies, these findings suggest that training in emotion regulation abilities may take into consideration the potential moderating role of job characteristics such as support from colleagues and supervisors. Finally, theoretical and practical implications of the joint study of these factors in line with the Job Demands-Resources model and the Emotional Intelligence framework are discussed.</subfield>
   </datafield>
   <datafield ind1="8" ind2=" " tag="024">
      <subfield code="a">https://hdl.handle.net/10630/32160</subfield>
   </datafield>
   <datafield ind1="8" ind2=" " tag="024">
      <subfield code="a">10.24310/riuma.32160</subfield>
   </datafield>
   <datafield tag="653" ind2=" " ind1=" ">
      <subfield code="a">Inteligencia emocional</subfield>
   </datafield>
   <datafield tag="653" ind2=" " ind1=" ">
      <subfield code="a">Calidad de vida en el trabajo</subfield>
   </datafield>
   <datafield ind2="0" ind1="0" tag="245">
      <subfield code="a">Dataset for: "In pursuit of job satisfaction and happiness: Testing the interactive contribution of emotion-regulation ability and workplace social support".</subfield>
   </datafield>
</record>
</metadata></record></GetRecord></OAI-PMH>